Vahlens Grosses Wirtschaftslexikon
Gespeichert in:
| Weitere Verfasser: | , |
|---|---|
| Format: | Buch |
| Sprache: | Deutsch |
| Veröffentlicht: |
München
Beck
1993
|
| Ausgabe: | 2. überarb. und erw. Aufl. |
| Schlagworte: | |
| Tags: |
Keine Tags, Fügen Sie das erste Tag hinzu!
|
MARC
| LEADER | 00000nam a2200000 4500 | ||
|---|---|---|---|
| 001 | c003211 | ||
| 005 | 20221214083121.7 | ||
| 020 | |a 3-8006-1698-X | ||
| 041 | 0 | |a ger | |
| 044 | |a DE | ||
| 245 | 1 | 0 | |a Vahlens Grosses Wirtschaftslexikon |c Edit. Erwin Dichtl, Otmar Issing |
| 250 | |a 2. überarb. und erw. Aufl. | ||
| 264 | 1 | |a München |b Beck |c 1993 | |
| 300 | |a 1265 s. | ||
| 610 | 2 | 0 | |a terminológia |
| 610 | 2 | 0 | |a ekonómia |
| 610 | 2 | 0 | |a veda ekonomická |
| 610 | 2 | 0 | |a makroekonomika |
| 610 | 2 | 0 | |a mikroekonomika |
| 700 | 1 | |a Dichtl, Erwin | |
| 700 | 1 | |a Issing, Otmar | |